000 00773nam a2200229Ia 4500
003 GCL
008 140319s9999 xx 000 0 ara d
040 _aGCL /
_cGCL
082 0 4 _a001.5
_bا ا
100 1 _aابراهيم سلامة ابراهيم
245 1 0 _aالاتصال الجماهيرى /
_cابراهيم سلامة ابراهيم
700 1 _aامرى، ادوين
700 1 _aاولت، فليب هـ 0
700 1 _aاجى، وارين ك0
260 _aالقاهرة :
_bالمجلس الاعلى للثقافة ،
_c2000
300 _a555 ص ؛
_c24 سم
650 0 4 _aالثقافة الجماهيرية
650 0 4 _aالاعلام
650 0 4 _aوسائل الاعلام
650 0 4 _aالاتصال الجماهيرى
942 _2ddc
_cBK
999 _c7258
_d7258